000 00482nam a2200193Ia 4500
005 20250423094551.0
008 250422s9999 xx 000 0 und d
020 _a0-7645-4497-7
050 _aQA 76.76.063 .M37/
100 _aNeil Mathew
245 0 _aBeginning Linux Programming
250 _aThird Edition
260 _aIndianapolis
260 _bWiley Publishing, Inc
260 _c2004
300 _a848 p
650 _aComputer Science and Mathematics
942 _cBK
999 _c27629
_d27629